Challenge and Response: an account of the emergency scheme for the training of teachers (Record no. 414647)

000 -LEADER
fixed length control field 00396cam a22001097a 4500
008 - FIXED-LENGTH DATA ELEMENTS--GENERAL INFORMATION
fixed length control field 180718b1950 xxu||||| |||| 00| 0 eng d
082 ## - DEWEY DECIMAL CLASSIFICATION NUMBER
Classification number P1108x42/Un3c
245 ## - TITLE STATEMENT
Title Challenge and Response: an account of the emergency scheme for the training of teachers
Statement of responsibility, etc. by Ministry of Education
260 ## - PUBLICATION, DISTRIBUTION, ETC.
Place of publication, distribution, etc. London
Name of publisher, distributor, etc. Her Majesty's Stationery office
Date of publication, distribution, etc. 1950
300 ## - PHYSICAL DESCRIPTION
Extent 164p.
700 ## - ADDED ENTRY--PERSONAL NAME
Personal name U.K. Ministry of Education
Holdings
Withdrawn status Lost status Damaged status Not for loan Permanent Location Current Location Date acquired Full call number Barcode Date last seen Price effective from Koha item type
        Indian Institute of Public Administration Indian Institute of Public Administration 2009-02-25 P1108x42/Un3c 6219 2018-07-21 2018-07-21 Book

Powered by Koha